Trade directory of Damascus 1996/1997.
| Format: | Book |
|---|---|
| Published: |
Damascus:
Damascus Chamber of Commerce,
[1996].
|
| Subjects: |
| LEADER | 00474cam a2200145 7i4500 | ||
|---|---|---|---|
| 001 | 0000007445 | ||
| 005 | 20000309090000.0 | ||
| 090 | 0 | 0 | |a SYRA 338.7025 |b TRA |
| 245 | 0 | 0 | |a Trade directory of Damascus 1996/1997. |
| 260 | 0 | 0 | |a Damascus: |b Damascus Chamber of Commerce, |c [1996]. |
| 300 | # | # | |a 832 p. |
| 650 | 0 | 0 | |a Business -- |x Directories -- |z Syria |
| 650 | 0 | 0 | |a Business -- |x Directories -- |z Damascus |
| 651 | 0 | 0 | |a Syria |
| 999 | |a 0000011140 |b Directories |c Countries |e Business Information Centre | ||